000
00262nam a2200109Ia 4500
008
220204s9999 xx 000 0 und d
082
_a
802
_b
VAL
100
_a
Vallins, G H
245
0
_a
Good English: How to write it
260
_a
London
_b
ELBS
_c
1962
942
_c
BK
999
_c
23507
_d
23507